MDQL
is popping MORE tags! Check the
thread
!
Quizzes
Events
Quiz Creation
Community
Videos
Private Events
Remove Ads
Sign In
Join for FREE
Feedback
Dark Mode
Quiz Categories
Sports
Geography
Music
Movies
Television
Just For Fun
Miscellaneous
History
Literature
Language
Science
Gaming
Entertainment
Religion
Holiday
For Kids
Quiz Lab
Recent
Popular Today
Quiz Kudos Today
Editor Picks
Curator Picks
Quizzes by...
Day
Popularity
Type
Ratings
Length
Year
Community
Subscriptions
Recent Discussions
Orange Saloon
Badges
Playlists
Quests
Create
Leaderboards
Showdown
Live 5
Trivia Bingo
Activity
Puzzle Library
Sporcle Events
Private Events
Virtual Trivia
Globe League
Become a Host
Pub Owners
SporcleCon
Opinionation
Our Games
Videos
Blog
Mobile Apps
Partnerships
Remove Ads and Go Orange
Feedback
Movies
Disney
Marvel Cinematic Universe
Movie Resume
Movie Titles
Oscar
Actor
Actress
Director
Pixar
Role
Movie Quotes
Movie Characters
Box Office
Nominee
Best Picture
Star Wars
James Bond
Horror Movies
Movies
Disney
Marvel Cinematic Universe
Movie Resume
Movie Titles
Oscar
Actor
Actress
Director
Pixar
Role
Movie Quotes
Movie Characters
Box Office
Nominee
Best Picture
Star Wars
James Bond
Horror Movies
Random Quiz
Search Sporcle
×
Quiz Lab
Quiz Lab
Movies
Film Adaptations
Type in answers that appear in a list
Type in answers that appear in a list
Classic
Best Score? Go Orange.
Top 25 Movie Courtroom Dramas Stats
Can you name the Top 25 Movie Courtroom Dramas?
By
schredder
10m
25 Questions
185 Plays
185 Plays
185 Plays
Comments
Comments
Give Quiz Kudos
Give Quiz Kudos
-
- Ratings
hide this ad
More Info
Replay
Link that replays current quiz
Next Quiz
Link to next quiz in quiz playlist
You Got
0%
They Got
Avg Score
49%
Avg Friend Score
Upgrade to see
Score Distribution
Jump to the score distribution portion of the page
Score
0/25
Timer
10:00
0
Plays Today
Year
Movie
% Correct
1992
A Few Good Men
89.2%
1962
To Kill a Mockingbird
85.4%
1957
12 Angry Men
84.3%
1993
Philadelphia
83.2%
1979
Kramer vs. Kramer
79.5%
1996
A Time to Kill
74.1%
1996
The People vs. Larry Flynt
60.5%
1988
The Accused
54.6%
1982
The Verdict
54.1%
1993
In the Name of the Father
50.8%
1996
Primal Fear
50.3%
1957
Witness for the Prosecution
43.2%
1998
A Civil Action
41.1%
Year
Movie
% Correct
1959
Anatomy of a Murder
41.1%
1961
Judgment at Nuremberg
40.5%
1957
Paths of Glory
38.4%
1990
Presumed Innocent
36.8%
1966
A Man for All Seasons
36.8%
1960
Inherit the Wind
36.8%
1967
In Cold Blood
34.1%
1996
The Crucible
31.4%
1954
The Caine Mutiny
29.2%
1980
Breaker Morant
21.1%
1928
The Passion of Joan of Arc
21.1%
1949
Intruder in the Dust
14.6%
Quiz Playlist
Details
Report
Send in Message
Add To Playlist
More Info:
Descending order, so the first listed film is #25 and the last film is #1
Classic:
Type in answers that appear in a list
Quiz Source
Last Updated: Feb 16, 2017
Quiz Scoreboard
CHALLENGE
Sign Up to Join the Scoreboard
Show All
Scores
Hide
Comments
May contain spoilers
Recently Published
1-10 Letter E Words III
by El_Dandy
Language
2m
Street Fighter Characters
by Artimus82
Gaming
60s
College Basketball Coaching Resumes
by pancakes188
Sports
9m
More to Explore
Quiz From the Vault
Featured Blog Post
Where Did the Easter Bunny Come From?
hide this ad
You Might Also Like...
Tags
Ever
Film Adaptations
Top 25
Today's Top Quizzes in Movies
Browse Movies
hide this ad
Today's Top Quizzes in Film Adaptations
Browse Film Adaptations
Top Contributed Quizzes in Movies
1
Pick 5 Posters: Directed by Spielberg
2
7-to-1: Pixar Characters
3
Hidden Star Wars Character II
4
Pick 5 Posters: Lowest-Rated Spielberg
5
Hidden Star Wars Character III
6
Sorting Actors
7
Sorting Actresses
8
Hidden Star Wars Character IV
9
Pick 5 Posters: Directed by Scorsese
10
Hidden Star Wars Character V
Explore More
Trending Topics
Kpop
Marvel
NBA
Harry Potter
Disney
Anime
Crossword
Country
The Office
Soccer
NFL
Pokémon
Puzzle
Song
WWE
hide this ad
More By:
schredder
Quiz
Plays
Rating
Category
Featured
Created
Top Grossing R Rated
188,097
4.25
Movies
Dec 13, 2009
NBA Top 5 Career Scorers Per Draft, '90s-'10s
174,087
4.59
Sports
Jan 31, 2011
Active NBA Players Who Are Hall of Fame Locks
25,310
2.13
Sports
Apr 4, 2011
ESPN's 2000s MLB All-Decade Team
21,478
3.88
Sports
Dec 19, 2009
The 32 Best Players in Baseball for 2011
13,944
2.41
Sports
Apr 1, 2011
Go to Creator's Profile
Score Distribution
Quiz Creator Spotlight
schredder
Follow
Send a Message
Quizzes Created
-
Created Quiz Play Count
-
More By This Creator
Popular Quizzes Today
1
Find the US States - No Outlines Minefield
2
Find the Countries of Europe - No Outlines Minefield
3
The Countries of the World
4
Find the US States
5
Risky Map Clicking: Biggest States A-Z
6
US States
7
Popular People in 1961
8
Movies - When Are They Set?
More Movies Quizzes
Missing Word in Movies: Rowing
Quiz Lab
Trending Quizzes
Risky Map Clicking: Least Populous States A-Z
Billboard Blitz: Aretha Franklin
Famous Russians: Author or Composer?
1-10 Letter G Words
Countries of the World: 200 Million BC
Recently Updated
Leaping Animals
pecheneg
Reality TV Shows (A-Z)
bhenderson79
Rickey Henderson's Hall of Fame Teammates
pecheneg
Champions League XIs: Arsenal
pecheneg
Quick Pick: Celebrities in WWE's Hall of Fame
aduchscher
A-Z Keypad Blitz II
pecheneg
Multiple Oscar Actors
pecheneg
Mystery Phrase Blitz: Oscar 'Best Actors'
pecheneg
F. Scott Fitzgerald Novels
LTH
Pick 3 Villains
ddd62291
Trending Topics
Marvel
Disney
Kpop
NBA
Harry Potter
Crossword
Anime
Pokémon
NFL
Soccer
Song
The Office
Country
WWE
Puzzle
Your Account Isn't Verified!
In order to create a playlist on Sporcle, you need to verify the email address you used during registration. Go to your
Sporcle Settings
to finish the process.
Report this User
Report this user for behavior that violates our
Community Guidelines
.
Details:
Send Report
Go to the Sporcle.com Mobile Site →
Comments